| 000 | 00535cam a22002052a 4500 | ||
|---|---|---|---|
| 001 | 011004 | ||
| 003 | AR-FADEU | ||
| 008 | 311216n1982####xxu####################dd | ||
| 020 | _a84-03-27052-6 | ||
| 092 |
_a465 _bS445 |
||
| 100 | _aSeco, Manuel | ||
| 245 | _aGramática esencial del español : introducción al estudio de la lengua | ||
| 260 | _aMadrid | ||
| 260 | _bAguilar | ||
| 260 | _c1982 | ||
| 300 | _a259 p | ||
| 500 | _aIncluye bibliografía | ||
| 650 | _a/LINGUISTICA/ESPAÑOL-GRAMATICA/REVISADO/ | ||
| 942 | _cBDGR | ||
| 999 |
_c16786 _d16786 |
||